[Event "Mayabeque Province-ch final"]
[Site "Mayabeque"]
[Date "2018.10.26"]
[Round "7.2"]
[White "Delgado Alvarez, Edualis"]
[Black "Perez Diaz, Robert"]
[Result "1-0"]
[WhiteElo "1772"]
[BlackElo "1687"]
[PlyCount "29"]
[EventDate "2018.10.23"]
[EventType "team-tourn"]
[EventRounds "9"]
[EventCountry "CUB"]
[SourceTitle "EXT 2021"]
[Source "ChessBase"]
[SourceDate "2020.10.23"]
[SourceVersion "1"]
[SourceVersionDate "2020.10.23"]
[SourceQuality "1"]
[WhiteTeam "Guines"]
[BlackTeam "San Jose"]
[WhiteTeamCountry "CUB"]
[BlackTeamCountry "CUB"]

1. e4 e6 2. Nf3 d5 3. Nc3 Nf6 4. e5 Nfd7 5. d4 c5 6. Bg5 f6 7. exf6 Nxf6 8. Bb5+ Bd7 9. Bxd7+ Nbxd7 10. 0-0 Bd6 11. Re1 Qe7 12. dxc5 Nxc5 13. Nxd5 Qf7 14. Nxf6+ gxf6 15. Qxd6 1-0

[Event "Mayabeque Province-ch final"]
[Site "Mayabeque"]
[Date "2018.10.24"]
[Round "3.2"]
[White "Perez Diaz, Robert"]
[Black "Gomez Almeida, Frank Luis"]
[Result "0-1"]
[WhiteElo "1687"]
[BlackElo "1799"]
[PlyCount "72"]
[EventDate "2018.10.23"]
[EventType "team-tourn"]
[EventRounds "9"]
[EventCountry "CUB"]
[SourceTitle "EXT 2021"]
[Source "ChessBase"]
[SourceDate "2020.10.23"]
[SourceVersion "1"]
[SourceVersionDate "2020.10.23"]
[SourceQuality "1"]
[WhiteTeam "San Jose"]
[BlackTeam "Nueva Paz"]
[WhiteTeamCountry "CUB"]
[BlackTeamCountry "CUB"]

1. e4 c5 2. Nf3 Nc6 3. d4 cxd4 4. Nxd4 Nf6 5. Nc3 e5 6. Ndb5 d6 7. Bg5 a6 8. Bxf6 gxf6 9. Na3 b5 10. Nd5 Be6 11. Qf3 Bxd5 12. exd5 Nd4 13. Qd3 Qc8 14. c3 Nf5 15. 0-0-0 Ne7 16. Kb1 f5 17. Rc1 Qc5 18. c4 Bh6 19. Rc2 b4 20. Nb5 axb5 21. cxb5 Qxd5 22. Qxd5 Nxd5 23. Bc4 Nb6 24. Rd1 Ke7 25. Bb3 Rac8 26. a4 bxa3 27. bxa3 Rxc2 28. Bxc2 Ra8 29. Ka2 e4 30. Kb3 d5 31. Kb4 Kd6 32. a4 Bf8 33. Ra1 Ke5+ 34. Kc3 Ra5 35. Kd2 Bc5 36. Bb3 Bxf2 0-1

[Event "Agosto de Victorias op"]
[Site "Mayabeque"]
[Date "2018.08.06"]
[Round "5"]
[White "Perez Diaz, Robert"]
[Black "Del Toro Rivera, Flavia Aurora"]
[Result "1/2-1/2"]
[WhiteElo "1718"]
[BlackElo "1454"]
[PlyCount "99"]
[EventDate "2018.08.04"]
[EventType "swiss"]
[EventRounds "9"]
[EventCountry "CUB"]
[SourceTitle "EXT 2021"]
[Source "ChessBase"]
[SourceDate "2020.10.23"]
[SourceVersion "1"]
[SourceVersionDate "2020.10.23"]
[SourceQuality "1"]

1. e4 e5 2. Nf3 Nf6 3. Nc3 Nc6 4. Bb5 d6 5. 0-0 Bd7 6. d4 exd4 7. Nxd4 Nxd4 8. Bxd7+ Qxd7 9. Qxd4 Be7 10. Bg5 Qg4 11. Bxf6 Bxf6 12. Qa4+ Qd7 13. Qxd7+ Kxd7 14. Nd5 Bd8 15. Rad1 c6 16. Ne3 g6 17. e5 d5 18. c4 Ke6 19. cxd5+ cxd5 20. Rxd5 Bb6 21. Rd6+ Kxe5 22. Nc4+ Kf5 23. Nxb6 axb6 24. Rxb6 Rxa2 25. Rxb7 Kf6 26. g3 Re8 27. Rd1 Rf8 28. h4 h5 29. Rd6+ Kg7 30. Rdd7 Kf6 31. b4 Rb2 32. b5 Ra2 33. b6 Raa8 34. Rbc7 Rab8 35. Rc6+ Kg7 36. Rdc7 Rfd8 37. Ra7 Rd1+ 38. Kg2 Rb1 39. Rcc7 R1xb6 40. Rxf7+ Kg8 41. Kf3 Rf8 42. Rxf8+ Kxf8 43. Ra4 Kg7 44. Ke3 Re6+ 45. Re4 Rf6 46. f3 Rf7 47. g4 hxg4 48. fxg4 Ra7 49. Kf4 Kf6 50. Rd4 1/2-1/2

[Event "Agosto de Victorias op"]
[Site "Mayabeque"]
[Date "2018.08.05"]
[Round "3"]
[White "Perez Diaz, Robert"]
[Black "Figueredo Dominguez, Reinaldo R"]
[Result "0-1"]
[WhiteElo "1718"]
[BlackElo "1921"]
[PlyCount "60"]
[EventDate "2018.08.04"]
[EventType "swiss"]
[EventRounds "9"]
[EventCountry "CUB"]
[SourceTitle "EXT 2021"]
[Source "ChessBase"]
[SourceDate "2020.10.23"]
[SourceVersion "1"]
[SourceVersionDate "2020.10.23"]
[SourceQuality "1"]

1. e4 Nf6 2. e5 Nd5 3. c4 Nb6 4. d4 d6 5. exd6 cxd6 6. Nf3 g6 7. Bd3 Bg7 8. 0-0 0-0 9. Nc3 Nc6 10. d5 Nb4 11. Be3 Nxd3 12. Qxd3 Bf5 13. Qe2 Rc8 14. Bxb6 Qxb6 15. Rac1 Qb4 16. Nd1 b5 17. b3 bxc4 18. bxc4 Qa3 19. Ne3 Bd3 20. Qd2 Bxf1 21. Kxf1 Rb8 22. Rc2 Rb1+ 23. Ke2 Rfb8 24. Nd1 Qc5 25. Ne1 Qc8 26. h3 Qf5 27. Ne3 Qe4 28. f3 Qf4 29. Nd3 Qg3 30. Qa5 Bd4 0-1